<?xml version="1.0" encoding="UTF-8"?>
<marc:record xmlns:marc="http://www.loc.gov/MARC21/slim">
   <marc:leader>00000nam a2200000 a 4500</marc:leader>
   <marc:datafield ind1=" " ind2=" " tag="653">
      <marc:subfield code="a">Weihnachten</marc:subfield>
   </marc:datafield>
   <marc:datafield ind1="0" ind2="0" tag="245">
      <marc:subfield code="a">Benjamin Blümchen -</marc:subfield>
   </marc:datafield>
   <marc:datafield ind1="0" ind2="0" tag="245">
      <marc:subfield code="b">und der Weihnachtsmann; und die Eisprinzessin</marc:subfield>
   </marc:datafield>
   <marc:datafield ind1=" " ind2="1" tag="264">
      <marc:subfield code="a">Berlin</marc:subfield>
      <marc:subfield code="b">Kiddinx Studios</marc:subfield>
      <marc:subfield code="c">2009</marc:subfield>
   </marc:datafield>
   <marc:datafield ind1="1" ind2=" " tag="520">
      <marc:subfield code="a">Benjamin Blümchen als Babysitter &#x96; Begeistert übernehmen Benjamin und Otto die Beaufsichtigung des Elefantenbabys Elmi aus dem Altstädter Zoo. Sie geben sich die größte Mühe, Elmi mit lustigen Spielen bei Laune zu halten. Doch bald stellen sie fest, dass Babysitten gar nicht so leicht ist. Denn der süße Elmi ist ein kleiner Rabauke! Er reißt aus, stellt eine Menge Unsinn an und bringt sich schließlich selber in große Gefahr. Benjamin und Otto haben alle Hände voll zu tun, ihre Aufgabe zu einem guten Ende zu bringen.</marc:subfield>
   </marc:datafield>
   <marc:datafield ind1=" " ind2=" " tag="020">
      <marc:subfield code="a">4001504301255</marc:subfield>
      <marc:subfield code="9">4001504301255</marc:subfield>
   </marc:datafield>
   <marc:datafield ind1="0" ind2=" " tag="490">
      <marc:subfield code="v">0</marc:subfield>
   </marc:datafield>
   <marc:datafield ind1=" " ind2=" " tag="300">
      <marc:subfield code="a">DVD (55 Min.)</marc:subfield>
   </marc:datafield>
</marc:record>
